[Event "Stay Safe Play From Home 141"]
[Site "T#645952Emanuel Laske"]
[Date "2020.05.11"]
[Round "1"]
[White "Little champs"]
[Black "Lucknow"]
[Result "1-0"]
[WhiteElo "2263"]
[BlackElo "1838"]
[Annotator "TA"]
[PlyCount "21"]
[EventDate "2020.05.11"]
[EventType "swiss (blitz)"]

{[%evp 9,21,-64,-27,-45,-45,-46,-49,-61,0,-29,39,15,15,32]} 1. d4 Nf6 2. e3 e6 3. Nf3 c5 4. Rg1 {[#]} d5 $146 ({Predecessor:} 4... Nc6 5. c3 d5 6. Nbd2 Qc7 7. g4 e5 8. g5 Nd7 9. dxe5 Ndxe5 10. Nxe5 Qxe5 {0-1 (25) Geyer,B (2118)-Gscheidlen,W Germany 2002}) 5. g4 cxd4 6. exd4 {A46: 1 d4 Nf6 2 Nf3 e6: Torre, London and Colle Systems.} Nc6 7. c3 Bd6 8. Bd3 Ne4 ({Better is} 8... Qc7 $15) 9. Qe2 f5 (9... O-O $11) 10. gxf5 $14 {[%mdl 64] [#] Discovered Attack} exf5 11. Rxg7 {White took control after the opening.} 1-0

[Event "Stay Safe Play From Home 141"]
[Site "T#645952Emanuel Laske"]
[Date "2020.05.11"]
[Round "1"]
[White "Indianquant"]
[Black "Edmatuag"]
[Result "1-0"]
[WhiteElo "2220"]
[BlackElo "1750"]
[Annotator "TA"]
[PlyCount "69"]
[EventDate "2020.05.11"]
[EventType "swiss (blitz)"]

{[%evp 17,69,33,75,51,91,56,83,52,115,99,86,78,87,85,152,153,147,159,491,498,450,470,468,372,828,806,826,820,1109,1089,1112,913,1200,1208,1233,1224,1224,1222,1219,1207,1286,1281,1264,1264,1891,1875,1663,1443,29990,1543,29984,29985,29995,29996]} 1. Nf3 c6 2. c4 d5 3. d4 Nf6 4. e3 e6 5. Nc3 Be7 6. Bd3 O-O 7. O-O Nbd7 8. b3 Re8 9. Bb2 Nf8 10. Qe2 {D46: Semi-Slav: 5 e3 Nbd7 6 Bd3, Black avoids the Meran.} a6 {[#]} 11. Rad1 $146 ({Predecessor:} 11. e4 Ng6 12. g3 dxe4 13. Nxe4 Nxe4 14. Bxe4 Qc7 15. h4 Bf6 16. Ne5 Nxe5 17. dxe5 {1-0 (47) Kaminik,A (2226)-Schwertel,J (2063) Arvier 2006}) 11... Ng6 12. g3 {White is better.} Bd7 (12... Bd6 $14) 13. e4 (13. c5 {looks sharper.} b6 14. cxb6 Qxb6 15. Na4 Qc7 16. Rc1) 13... dxe4 14. Nxe4 Nxe4 15. Bxe4 Bf6 (15... Qa5 $142) 16. h4 $16 Qc7 17. h5 Nf4 $2 {[#]} (17... Nf8 $16 {is more resistant.} 18. Ne5 Red8) 18. gxf4 $18 Qxf4 {intending ...Qg4+.} 19. Ne5 Qg5+ 20. Qg4 h6 $2 (20... Qxg4+ 21. Nxg4 Be7) 21. Qxg5 Bxg5 22. Nxd7 f6 23. f4 Bh4 24. Kg2 Re7 25. Nb6 Rd8 26. Kh3 f5 27. Kxh4 fxe4 28. Rfe1 Rf7 29. Rxe4 Rf5 30. Kg4 Kf7 31. Rde1 Re8 32. Nd7 g6 33. Ne5+ (33. hxg6+ $142 Kg8 34. Rxe6 Ref8 35. Nxf8 Rxf8 36. Kh5 Kg7 37. d5+ {[%mdl 64] Discovered Attack} Kg8 38. Kxh6 Rf5 39. Re8+ Rf8 40. Bg7 Rxe8 41. Rxe8#) 33... Kf6 34. Nxg6 Rg8 35. Rxe6+ {White took control after the opening. Accuracy: White = 70%, Black = 23%.} 1-0

[Event "Stay Safe Play From Home 141"]
[Site "T#645952Emanuel Laske"]
[Date "2020.05.11"]
[Round "1"]
[White "Chase the sun"]
[Black "Timbre"]
[Result "1-0"]
[WhiteElo "1887"]
[BlackElo "1620"]
[Annotator "NA RC"]
[PlyCount "63"]
[EventDate "2020.05.11"]
[EventType "swiss (blitz)"]

1. e4 {[%emt 0:00:01]} c6 {[%emt 0:00:02]} 2. d4 {[%emt 0:00:01]} d5 {[%emt 0:00:01]} 3. exd5 {[%emt 0:00:00]} cxd5 {[%emt 0:00:02]} 4. Bd3 {[%emt 0:00:00]} Nc6 {[%emt 0:00:02]} 5. c3 {[%emt 0:00:01]} a6 {[%emt 0:00:01]} 6. Bf4 {[%emt 0:00:01]} Nf6 {[%emt 0:00:01]} 7. Nf3 {[%emt 0:00:01]} Bg4 {[%emt 0:00:02]} 8. Nbd2 {[%emt 0:00:02]} e6 {[%emt 0:00:02]} 9. h3 {[%emt 0:00:01]} Bxf3 {[%emt 0:00:02]} 10. Nxf3 {[%emt 0:00:00]} Bd6 {[%emt 0:00:01]} 11. Bxd6 {[%emt 0:00:02]} Qxd6 {[%emt 0:00:01]} 12. Qe2 {[%emt 0:00:00]} O-O {[%emt 0:00:02]} 13. Ne5 {[%emt 0:00:02]} Rae8 {[%emt 0:00:02]} 14. O-O {[%emt 0:00:04]} Qc7 {[%emt 0:00:02]} 15. f4 {[%emt 0:00:01]} b5 {[%emt 0:00:03]} 16. a3 {[%emt 0:00:02]} Ne7 {[%emt 0:00:02]} 17. g4 {[%emt 0:00:01]} h6 {[%emt 0:00:02]} 18. g5 {[%emt 0:00:01]} hxg5 {[%emt 0:00:02]} 19. fxg5 {[%emt 0:00:00]} Nh7 {[%emt 0:00:04]} 20. Bxh7+ {[%emt 0:00:17]} Kxh7 {[%emt 0:00:03]} 21. Qh5+ {[%emt 0:00:01]} Kg8 {[%emt 0:00:02]} 22. Rxf7 {[%emt 0:00:01]} Rxf7 {[%emt 0:00:07]} 23. Qxf7+ {[%emt 0:00:02]} Kh8 {[%emt 0:00:05]} 24. Qh5+ {[%emt 0:00:07]} Kg8 {[%emt 0:00:05]} 25. Qxe8+ {[%emt 0:00:01]} Kh7 {[%emt 0:00:03]} 26. Rf1 {[%emt 0:00:11]} Nf5 {[%emt 0:00:04]} 27. g6+ {[%emt 0:00:07]} Kh6 {[%emt 0:00:08]} 28. Qh8+ {[%emt 0:00:08]} Kg5 {[%emt 0:00:02]} 29. Nf7+ {[%emt 0:00:12]} Kxg6 {[%emt 0:00:12]} 30. Ne5+ {[%emt 0:00:15]} Kg5 {[%emt 0:00:13]} 31. Qe8 {[%emt 0:00:08]} Kh6 {[%emt 0:00:10]} 32. Qg6# {[%emt 0:00:02] (Lag: Av=0.54s, max=1.6s)} 1-0

[Event "Stay Safe Play From Home 141"]
[Site "T#645952Emanuel Laske"]
[Date "2020.05.11"]
[Round "1"]
[White "Haris kollari 13"]
[Black "Inflames"]
[Result "1-0"]
[WhiteElo "1881"]
[BlackElo "1197"]
[Annotator "NA RC"]
[PlyCount "41"]
[EventDate "2020.05.11"]
[EventType "swiss (blitz)"]

1. e4 {[%emt 0:00:01]} e5 {[%emt 0:00:01]} 2. Nf3 {[%emt 0:00:01]} d6 {[%emt 0:00:00]} 3. Bc4 {[%emt 0:00:01]} Be6 {[%emt 0:00:04]} 4. Bb3 {[%emt 0:00:01]} Nc6 {[%emt 0:00:04]} 5. d3 {[%emt 0:00:01]} Nd4 {[%emt 0:00:01]} 6. Nxd4 {[%emt 0:00:02]} exd4 {[%emt 0:00:00]} 7. O-O {[%emt 0:00:02]} Bxb3 {[%emt 0:00:01]} 8. axb3 {[%emt 0:00:01]} Nf6 {[%emt 0:00:02]} 9. f4 {[%emt 0:00:01]} Nh5 {[%emt 0:00:02]} 10. Qxh5 {[%emt 0:00:02]} g6 {[%emt 0:00:01]} 11. Qf3 {[%emt 0:00:02]} Qh4 {[%emt 0:00:02]} 12. Nd2 {[%emt 0:00:05]} O-O-O {[%emt 0:00:02]} 13. Rxa7 {[%emt 0:00:03]} b6 {[%emt 0:00:02]} 14. e5 {[%emt 0:00:01]} Bh6 {[%emt 0:00:05]} 15. exd6 {[%emt 0:00:06]} Rxd6 {[%emt 0:00:20]} 16. Ra8+ {[%emt 0:00:02]} Kd7 {[%emt 0:00:02]} 17. Rxh8 {[%emt 0:00:01]} Rf6 {[%emt 0:00:04]} 18. Ne4 {[%emt 0:00:01]} Rxf4 {[%emt 0:00:03]} 19. Bxf4 {[%emt 0:00:02]} Bxf4 {[%emt 0:00:02]} 20. Qxf4 {[%emt 0:00:01]} Qxf4 {[%emt 0:00:01] Inflames terk eder} 21. Rxf4 {[%emt 0:00:01] (Lag: Av=0.41s, max=0.6s)} 1-0

[Event "Stay Safe Play From Home 141"]
[Site "T#645952Emanuel Laske"]
[Date "2020.05.11"]
[Round "1"]
[White "Spouyu"]
[Black "Lazieri3"]
[Result "0-1"]
[WhiteElo "1795"]
[BlackElo "2063"]
[Annotator "TA"]
[PlyCount "70"]
[EventDate "2020.05.11"]
[EventType "swiss (blitz)"]

{[%evp 16,70,6,6,22,11,9,10,50,25,27,21,27,27,29,30,35,30,31,5,4,6,6,8,24,9,2,3,22,12,22,0,0,0,0,0,0,0,19,-204,-208,-205,-97,-1162,-1147,-1245,-1208,-1164,-1106,-29992,-29993,-29993,-29968,-29954,-29948,-12341,-5006]} 1. e4 c6 2. d4 d5 3. Nc3 dxe4 4. Nxe4 Nd7 5. Nf3 Ngf6 6. Nxf6+ Nxf6 7. Bd3 Bg4 8. c3 e6 9. O-O Be7 {B17: Caro-Kann: Modern Line (4...Nd7).} 10. h3 Bh5 11. Bf4 {[#]} Bg6 $146 {The position is equal.} ({Predecessor:} 11... O-O 12. a3 Qd5 13. g4 Bg6 14. Bxg6 fxg6 15. Bg5 Nxg4 16. Bxe7 Rxf3 17. hxg4 Qe4 {0-1 (49) Sophian,A (1585)-Asyrafi,M (1613) Kelantan 2019}) 12. Re1 Bxd3 13. Qxd3 Bd6 14. Bg5 h6 15. Bh4 O-O 16. Rad1 {[%cal Ba1d1,Bd1d3,Bd3g3][%mdl 32]} Be7 17. Qe3 Nd5 18. Qe4 Bxh4 19. Nxh4 Qd6 20. Rd3 Nf6 21. Qe2 Qd5 22. a3 Rfd8 23. Rg3 c5 24. Nf3 cxd4 25. Nxd4 Qh5 26. Qe3 Rd5 27. Nxe6 $2 {[#]} (27. c4 $11 {and White is okay.} Rg5 28. Rxg5 Qxg5 29. Qxg5 hxg5 30. Kf1) 27... fxe6 $19 28. Qxe6+ Kh7 (28... Kh8 $19 {And now ...Re8 would win.} 29. Qe2 Qf5) 29. Ree3 $2 {[%mdl 8192]} (29. Qe7 $17 Rg8 30. Qxb7) 29... Re8 30. Rxg7+ Kxg7 31. Rg3+ Rg5 32. Qb3 Rxg3 33. Qxb7+ Qf7 34. Qxf7+ Kxf7 35. fxg3 Re2 {Accuracy: White = 55%, Black = 85%.} 0-1

[Event "Stay Safe Play From Home 141"]
[Site "T#645952Emanuel Laske"]
[Date "2020.05.11"]
[Round "1"]
[White "Patzeroglu"]
[Black "Schachidiot"]
[Result "0-1"]
[WhiteElo "1780"]
[BlackElo "1885"]
[Annotator "NA RC"]
[PlyCount "72"]
[EventDate "2020.05.11"]
[EventType "swiss (blitz)"]

1. e4 {[%emt 0:00:01]} d6 {[%emt 0:00:36]} 2. Nf3 {[%emt 0:00:00]} Nf6 {[%emt 0:00:02]} 3. Nc3 {[%emt 0:00:51]} c6 {[%emt 0:00:10]} 4. d3 {[%emt 0:00:01]} b5 {[%emt 0:00:01]} 5. Be2 {[%emt 0:00:19]} Nbd7 {[%emt 0:00:18]} 6. O-O {[%emt 0:00:03]} g6 {[%emt 0:00:02]} 7. Be3 {[%emt 0:00:19]} Bg7 {[%emt 0:00:03]} 8. Qd2 {[%emt 0:00:01]} Ng4 {[%emt 0:00:01]} 9. Rae1 {[%emt 0:00:03]} Nxe3 {[%emt 0:00:02]} 10. fxe3 {[%emt 0:00:00]} O-O {[%emt 0:00:01]} 11. Nd1 {[%emt 0:00:05]} Qb6 {[%emt 0:00:02]} 12. c3 {[%emt 0:00:02]} a5 {[%emt 0:00:02]} 13. Kh1 {[%emt 0:00:05]} b4 {[%emt 0:00:01]} 14. c4 {[%emt 0:00:06] Patzeroglu bietet Remis} a4 {[%emt 0:00:06]} 15. Nd4 {[%emt 0:00:02]} c5 {[%emt 0:00:09]} 16. Nf3 {[%emt 0:00:03]} Ne5 {[%emt 0:00:08]} 17. Nxe5 {[%emt 0:00:03]} dxe5 {[%emt 0:00:01]} 18. Bg4 {[%emt 0:00:02]} Bxg4 {[%emt 0:00:03]} 19. Nf2 {[%emt 0:00:03]} Be6 {[%emt 0:00:03]} 20. Qe2 {[%emt 0:00:02]} Rad8 {[%emt 0:00:04] Patzeroglu bietet Remis} 21. Rd1 {[%emt 0:00:02]} Rd7 {[%emt 0:00:05]} 22. Rd2 {[%emt 0:00:03]} Rfd8 {[%emt 0:00:01]} 23. Rfd1 {[%emt 0:00:00]} b3 {[%emt 0:00:02]} 24. a3 {[%emt 0:00:02]} f5 {[%emt 0:00:03]} 25. exf5 {[%emt 0:00:01]} Bxf5 {[%emt 0:00:01]} 26. e4 {[%emt 0:00:01]} Be6 {[%emt 0:00:01]} 27. h3 {[%emt 0:00:01]} Bh6 {[%emt 0:00:02]} 28. Ng4 {[%emt 0:00:03]} Bxg4 {[%emt 0:00:02]} 29. Qxg4 {[%emt 0:00:00]} Bxd2 {[%emt 0:00:01]} 30. Rxd2 {[%emt 0:00:00]} Rxd3 {[%emt 0:00:01]} 31. Rxd3 {[%emt 0:00:01]} Rxd3 {[%emt 0:00:01]} 32. Qc8+ {[%emt 0:00:00]} Qd8 {[%emt 0:00:01]} 33. Qe6+ {[%emt 0:00:01]} Kf8 {[%emt 0:00:01]} 34. Qxe5 {[%emt 0:00:00]} Rd1+ {[%emt 0:00:02]} 35. Kh2 {[%emt 0:00:01]} Qd6 {[%emt 0:00:00]} 36. Qxd6 {[%emt 0:00:01]} Rxd6 {[%emt 0:00:01]} 0-1

[Event "Stay Safe Play From Home 141"]
[Site "T#645952Emanuel Laske"]
[Date "2020.05.11"]
[Round "1"]
[White "MartiMitjaNunez"]
[Black "CastlingArrocco"]
[Result "0-1"]
[WhiteElo "1431"]
[BlackElo "1569"]
[Annotator "NA RC"]
[PlyCount "44"]
[EventDate "2020.05.11"]
[EventType "swiss (blitz)"]

1. e3 {[%emt 0:00:06]} g6 {[%emt 0:00:00]} 2. Bc4 {[%emt 0:00:06]} Bg7 {[%emt 0:00:00]} 3. Qf3 {[%emt 0:00:03]} e6 {[%emt 0:00:02]} 4. b4 {[%emt 0:00:05]} Ne7 {[%emt 0:00:01]} 5. Nc3 {[%emt 0:00:04]} O-O {[%emt 0:00:01]} 6. Rb1 {[%emt 0:00:11]} d5 {[%emt 0:00:02]} 7. Bd3 {[%emt 0:00:05]} b6 {[%emt 0:00:06]} 8. b5 {[%emt 0:00:08]} Bb7 {[%emt 0:00:01]} 9. Nh3 {[%emt 0:00:17]} Nd7 {[%emt 0:00:01]} 10. Ng5 {[%emt 0:00:10]} Nf5 {[%emt 0:00:01]} 11. Qh3 {[%emt 0:00:04]} Qxg5 {[%emt 0:00:02]} 12. f4 {[%emt 0:00:03]} Qf6 {[%emt 0:00:02]} 13. Bxf5 {[%emt 0:00:11]} exf5 {[%emt 0:00:02]} 14. e4 {[%emt 0:00:04]} dxe4 {[%emt 0:00:01]} 15. Nxe4 {[%emt 0:00:03]} Bxe4 {[%emt 0:00:02]} 16. d3 {[%emt 0:00:14]} Bb7 {[%emt 0:00:02]} 17. Rf1 {[%emt 0:00:15]} Qc3+ {[%emt 0:00:02]} 18. Bd2 {[%emt 0:00:10]} Qxc2 {[%emt 0:00:01]} 19. Ke2 {[%emt 0:00:13]} Rae8+ {[%emt 0:00:01]} 20. Kf2 {[%emt 0:00:08]} Qxd2+ {[%emt 0:00:01]} 21. Kg3 {[%emt 0:00:03]} Re3+ {[%emt 0:00:06]} 22. Kh4 {[%emt 0:00:05]} Bxg2 {[%emt 0:00:02]} 0-1

[Event "Stay Safe Play From Home 141"]
[Site "T#645952Emanuel Laske"]
[Date "2020.05.11"]
[Round "2"]
[White "Lamborghini"]
[Black "Chase the sun"]
[Result "1-0"]
[WhiteElo "2219"]
[BlackElo "1893"]
[Annotator "TA"]
[PlyCount "97"]
[EventDate "2020.05.11"]
[EventType "swiss (blitz)"]

{[%evp 10,97,14,0,0,0,3,-3,47,30,27,25,45,42,59,70,56,51,64,45,45,51,79,43,50,45,63,65,70,70,90,69,72,59,59,60,195,189,188,0,202,0,274,0,0,0,268,262,274,277,243,127,129,134,129,10,97,91,108,108,245,242,372,372,366,347,409,0,906,873,1897,504,448,246,686,346,434,400,407,405,377,45,28,47,15,36,122,-219,-213,-179]} 1. e4 e6 2. d4 d5 3. Nc3 Bb4 4. e5 Ne7 5. Bd2 b6 6. Nce2 Bxd2+ {C16: French: 3 Nc3 Bb4 4 e5: Lines without ...c5.} 7. Qxd2 Ba6 {[#]} 8. O-O-O $146 ({Predecessor:} 8. f4 c5 9. c3 Nbc6 10. Nf3 O-O 11. g4 f6 12. Ng3 Bxf1 13. Rxf1 fxe5 14. dxe5 {1-0 (43) Navara,D (2725)-Movsesian,S (2673) Prague 2016}) 8... Nd7 {The position is equal.} 9. h4 c5 10. f4 Nc6 11. Nf3 Qc7 12. Kb1 O-O-O 13. c3 Kb8 14. h5 h6 15. g4 Rc8 16. Ng3 Bxf1 17. Rhxf1 cxd4 18. cxd4 Na5 19. Rc1 Qb7 20. b3 Qa6 21. f5 Qb5 $1 22. Ka1 Nxb3+ (22... Qa6 $14 23. Rxc8+ Rxc8) 23. axb3 $18 Qxb3 {[#] With the idea ...Rxc1+.} 24. Rb1 $2 (24. Ne2 $1 $18) 24... Qa3+ $11 25. Qa2 Qc3+ $2 {[%mdl 8192]} (25... Qd3 $1 $11 {and Black has nothing to worry.} 26. Rbd1 Qc3+ 27. Qb2 Qa5+ 28. Kb1 Rc4) 26. Qb2 Qa5+ 27. Qa2 Qc3+ 28. Rb2 {[%cal Bb1b2,Bb2b3,Bb3a3][%mdl 32]} Rc4 29. Ne2 Qd3 30. Nfg1 (30. Qb3 $18 Qxb3 31. Rxb3) 30... Rhc8 $16 {White should prevent ...Rxd4.} 31. Rb3 Qe4 32. Rfb1 (32. fxe6 $16 fxe6 33. Qa3 (33. Rf7 $2 Rxd4 34. Rf4 Rd1+ 35. Rb1 Qxe5+ 36. Qb2 Qxb2+ 37. Kxb2 Rd2+ 38. Ka1 Rcc2 $19)) 32... Rxd4 (32... R8c7 $11 {remains equal.}) 33. Nxd4 Qxd4+ 34. Qb2 Qa4+ (34... Qxg4 $16 35. fxe6 fxe6) 35. Ra3 $18 Qc4 (35... Qxg4 {was necessary.} 36. fxe6 fxe6) 36. fxe6 fxe6 37. Ne2 Nc5 38. Nd4 $2 (38. Rc1 $18 Qxg4 39. Nd4) 38... Na4 $2 {[%mdl 8192]} (38... Nd3 $11 39. Rxd3 Qxd3) 39. Qf2 Nc3 {[#]} 40. Rbb3 (40. Qf7 $142 $1 {[%csl Ga3][%cal Rf7a7]} Na4 41. Nb5) 40... Ne4 41. Qg1 (41. Qb2 $142 Nc5 42. Rf3) 41... Nd2 $2 (41... Qc7 42. Rb2 (42. Nxe6 Qxe5+ 43. Nd4 Rc4 $16) 42... Qxe5) 42. Rb2 Qc1+ 43. Qxc1 Rxc1+ 44. Ka2 Nc4 45. Nc6+ $2 ({White should try} 45. Rg3 $18) 45... Kc7 $14 46. Nxa7 {Hoping for Nb5+.} Nxa3 47. Kxa3 {aiming for Nb5+.} Ra1+ 48. Kb4 $2 {[%mdl 8192]} (48. Ra2 $16 {is forced if you want to stay better.} Rg1 49. Rc2+ Kd7 50. Nb5 Rg3+ 51. Rc3 Rxg4 52. Rc7+ Kd8 53. Ra7) 48... Rxa7 $19 49. Rc2+ {[%mdl 32768] Accuracy: White = 55%, Black = 55%. . Loss on time!?} 1-0

[Event "Stay Safe Play From Home 141"]
[Site "T#645952Emanuel Laske"]
[Date "2020.05.11"]
[Round "2"]
[White "SoulofWolf"]
[Black "Indianquant"]
[Result "0-1"]
[WhiteElo "2097"]
[BlackElo "2222"]
[Annotator "TA"]
[PlyCount "58"]
[EventDate "2020.05.11"]
[EventType "swiss (blitz)"]

{[%evp 15,58,0,1,-6,15,7,12,18,31,20,99,12,14,9,80,63,52,-139,-143,-141,-118,-172,-165,-162,-168,-167,-165,-165,-154,-157,-167,-161,-162,-222,-189,-193,-191,-200,-209,-207,-210,-207,-175,-1955,-1933]} 1. Nf3 Nf6 2. c4 b6 3. Nc3 c5 4. g3 Bb7 5. Bg2 g6 6. O-O Bg7 7. d3 O-O 8. e4 d6 9. h3 {A30: Symmetrical English: Double Fianchetto and Hedgehog.} Nbd7 10. Be3 e6 11. Qd2 {The position is equal.} Re8 {[#]} 12. Nh2 $146 ({Predecessor:} 12. d4 Nxe4 13. Nxe4 Bxe4 14. dxc5 Nxc5 15. Bd4 e5 16. Be3 Qc7 17. Rad1 Rad8 18. Rfe1 {½-½ (44) Pottinger,C (1808)-Boron,A (2014) Winnipeg 2010}) 12... d5 (12... a6 $11) 13. cxd5 (13. exd5 $16 exd5 14. Bg5) 13... exd5 $11 {[#] And now ...d4 would win.} 14. exd5 Ne5 (14... Nf8 $11) 15. f4 Ned7 16. Nb5 $2 (16. Rae1 $14 {keeps the upper hand.}) 16... Nxd5 $17 (16... Bxd5 17. Nf3 $15) 17. Rfe1 N7f6 $36 {[%mdl 2048] Black has strong initiative.} 18. Bf2 (18. Nc3 $17 {keeps fighting.}) 18... Qd7 $19 19. a4 a6 20. Na3 Nb4 {[#] Threatens to win with ...Ne4!} ({Don't do} 20... Qxa4 21. Nc4 $17) 21. Bxb7 Qxb7 22. Nc4 Rxe1+ 23. Rxe1 Rd8 24. Re3 (24. Ng4 {is a better defense.}) 24... Nfd5 25. Rf3 b5 26. axb5 axb5 27. Ne5 Qc7 28. Qe2 Re8 {White must now prevent ...f6.} 29. Qc2 $2 (29. Qd2) 29... Nxc2 {Accuracy: White = 55%, Black = 72%.} 0-1

[Event "Stay Safe Play From Home 141"]
[Site "T#645952Emanuel Laske"]
[Date "2020.05.11"]
[Round "2"]
[White "Lazieri3"]
[Black "Haris kollari 13"]
[Result "1-0"]
[WhiteElo "2069"]
[BlackElo "1881"]
[Annotator "TA"]
[PlyCount "43"]
[EventDate "2020.05.11"]
[EventType "swiss (blitz)"]

{[%evp 9,43,-23,-23,-32,-33,-34,11,17,21,24,13,10,39,6,176,161,1046,946,1985,1516,1516,1457,29983,1843,1866,1866,2779,2693,29988,29988,29991,29992,29993,29994,29996,29997]} 1. e4 e6 2. Nc3 d5 3. Nf3 d4 4. Ne2 c5 5. d3 Nc6 6. g3 {C00: French: Unusual White 2nd moves.} e5 7. Bg2 f5 {[#]} 8. exf5 $146 {The position is equal.} ({Predecessor:} 8. O-O Be7 9. c4 fxe4 10. dxe4 Nf6 11. Qa4 Bd7 12. Nd2 Nb4 13. Qb3 O-O 14. a3 {0-1 (69) Lasierra Arceiz,J (1690)-Abad Pereda,J San Jose 1998}) 8... Bxf5 9. O-O Nf6 10. Nh4 Bd7 11. f4 exf4 $2 (11... Bd6 $11) 12. Nxf4 $18 {aiming for Nh5.} ({Weaker is} 12. Bxf4 Be7 $11) 12... g5 $2 (12... Be7) 13. Nh5 Bg4 14. Nxf6+ Qxf6 15. Qxg4 Qd6 16. Qh5+ (16. Bxc6+ $142 bxc6 17. Bxg5 Be7 {[#]} 18. Rae1 $1 {[%mdl 512]} Rf8 19. Rxf8+ Kxf8 20. Qf5+ Bf6 21. Bxf6) 16... Kd8 17. Bxg5+ Kc8 18. Rae1 Be7 19. Bxe7 {White mates.} Nxe7 {[#]} 20. Rf7 $1 {[%mdl 64] Double Attack} Nd5 21. Bxd5 Qxg3+ 22. hxg3 {Black got outplayed after the opening. Accuracy: White = 65%, Black = 25%.} 1-0

[Event "Stay Safe Play From Home 141"]
[Site "T#645952Emanuel Laske"]
[Date "2020.05.11"]
[Round "2"]
[White "Edmatuag"]
[Black "MartiMitjaNunez"]
[Result "1-0"]
[WhiteElo "1748"]
[BlackElo "1420"]
[Annotator "NA RC"]
[PlyCount "45"]
[EventDate "2020.05.11"]
[EventType "swiss (blitz)"]

1. e4 {[%emt 0:00:01]} e5 {[%emt 0:00:10]} 2. Nf3 {[%emt 0:00:02]} Nc6 {[%emt 0:00:04]} 3. Bb5 {[%emt 0:00:01]} Nf6 {[%emt 0:00:04]} 4. O-O {[%emt 0:00:03]} d6 {[%emt 0:00:06]} 5. d4 {[%emt 0:00:01]} exd4 {[%emt 0:00:03]} 6. e5 {[%emt 0:00:08]} dxe5 {[%emt 0:00:04]} 7. Nxe5 {[%emt 0:00:05]} Bd6 {[%emt 0:00:08]} 8. Nxc6 {[%emt 0:00:05]} bxc6 {[%emt 0:00:08]} 9. Bxc6+ {[%emt 0:00:05]} Nd7 {[%emt 0:00:03]} 10. Bxa8 {[%emt 0:00:04]} Ne5 {[%emt 0:00:04]} 11. Bf4 {[%emt 0:00:06]} Nc4 {[%emt 0:00:06]} 12. Re1+ {[%emt 0:00:06]} Kf8 {[%emt 0:00:11]} 13. Bxd6+ {[%emt 0:00:06]} Qxd6 {[%emt 0:00:05]} 14. b3 {[%emt 0:00:13]} Nb2 {[%emt 0:00:03]} 15. Qc1 {[%emt 0:00:10]} Qa3 {[%emt 0:00:08]} 16. Bc6 {[%emt 0:00:07]} Kg8 {[%emt 0:00:14]} 17. Re8+ {[%emt 0:00:03]} Qf8 {[%emt 0:00:04]} 18. Rxf8+ {[%emt 0:00:03]} Kxf8 {[%emt 0:00:03]} 19. Qxb2 {[%emt 0:00:01]} Bf5 {[%emt 0:00:10]} 20. Qxd4 {[%emt 0:00:02]} f6 {[%emt 0:00:06]} 21. Qd8+ {[%emt 0:00:07]} Kf7 {[%emt 0:00:06]} 22. Qxh8 {[%emt 0:00:00]} Bxc2 {[%emt 0:00:05]} 23. Qe8# {[%emt 0:00:02] (Lag: Av=1.10s, max=1.6s)} 1-0

[Event "Stay Safe Play From Home 141"]
[Site "T#645952Emanuel Laske"]
[Date "2020.05.11"]
[Round "2"]
[White "Dani0074SC"]
[Black "Schachidiot"]
[Result "0-1"]
[WhiteElo "1678"]
[BlackElo "1897"]
[Annotator "NA RC"]
[PlyCount "40"]
[EventDate "2020.05.11"]
[EventType "swiss (blitz)"]

1. e4 {[%emt 0:00:04]} d6 {[%emt 0:00:01]} 2. d4 {[%emt 0:00:05]} Nf6 {[%emt 0:00:01]} 3. Nc3 {[%emt 0:00:05]} g6 {[%emt 0:00:01]} 4. g3 {[%emt 0:00:06]} c6 {[%emt 0:00:01]} 5. Bg2 {[%emt 0:00:03]} e5 {[%emt 0:00:01]} 6. d5 {[%emt 0:00:08]} cxd5 {[%emt 0:00:02]} 7. exd5 {[%emt 0:00:00]} Bg7 {[%emt 0:00:02]} 8. Nge2 {[%emt 0:00:02]} O-O {[%emt 0:00:02]} 9. O-O {[%emt 0:00:02]} Ne8 {[%emt 0:00:09]} 10. Be3 {[%emt 0:00:04]} f5 {[%emt 0:00:01]} 11. Qd2 {[%emt 0:00:28]} Nf6 {[%emt 0:00:03]} 12. f4 {[%emt 0:00:07]} Ng4 {[%emt 0:00:07]} 13. fxe5 {[%emt 0:00:20]} Nxe3 {[%emt 0:00:02]} 14. Qxe3 {[%emt 0:00:02]} dxe5 {[%emt 0:00:01]} 15. Rad1 {[%emt 0:00:06]} Qb6 {[%emt 0:00:01]} 16. Qxb6 {[%emt 0:00:06]} axb6 {[%emt 0:00:00]} 17. d6 {[%emt 0:00:22]} e4 {[%emt 0:00:01]} 18. Nd4 {[%emt 0:00:10]} Bd7 {[%emt 0:00:03]} 19. Nde2 {[%emt 0:00:05]} Nc6 {[%emt 0:00:01]} 20. b3 {[%emt 0:00:31]} Nb4 {[%emt 0:00:04] Tiempo (Lag: Av=2.34s, max=4.8s)} 0-1